000
00376nam a22001457a 4500
003
macl
005
20170104142944.0
008
170104b xxu||||| |||| 00| 0 eng d
040
_c
macl
041
_a
हिन्दी
082
_a
300
100
_a
NCERT
_9
4590
245
_a
सामाजिक एवं राजनीतिक जीवन-lll
942
_2
ddc
_c
HIN
999
_c
55695
_d
55695